Economic analysis

Đã lưu trong:
书目详细资料
主要作者: Boulding, Kenneth E.
格式: 图书
语言:Undetermined
出版: New York Harper 1955
主题:
标签: 添加标签
没有标签, 成为第一个标记此记录!
Thư viện lưu trữ: Trung tâm Học liệu Trường Đại học Cần Thơ
LEADER 00427nam a2200169Ia 4500
001 CTU_78743
008 210402s9999 xx 000 0 und d
082 |a 330 
082 |b B763 
100 |a Boulding, Kenneth E. 
245 0 |a Economic analysis 
245 0 |c Kenneth E. Boulding 
260 |a New York 
260 |b Harper 
260 |c 1955 
650 |a Economics 
980 |a Trung tâm Học liệu Trường Đại học Cần Thơ